Dictionnaire des termes de médecine, chirurgie, anatomie, art véterinaire, pharmacie, histoire naturelle, physique, chimie, etc. / par Bégin, Boisseau, Jourdan, Montgarny, Richard, docteurs en médecine; Sanson, docteur en chirurgie; et Dupuy, professeur à l'École Véterinaire d'Alfort; augmenté d'un supplement, dans lequel sont compris les nouveaux termes introduits dans le language des sciences médicales et accessoires jusqu'a nos jours

Detalles Bibliográficos
Autor principal: Bégin, Louis-Jacques, 1793-1859
Formato: Libro
Lenguaje:French
Publicado: Paris : J.- B. Baillière, libraire de L'Academie Royale de Médecine, et du Collége Royal des Chirurgiens ; Londres : rue de L'École-de-Médecine, N°. 13 bis ; Londres, Même Maison, 219, regent Street ; a Bruxelles : au Dépôt de la libraire médicale française, 1830.
Materias:
Colección:Banco de datos
Acervo:Fondo Bibliográfico Antiguo del Archivo Municipal de Orizaba
Descripción Física:[2] h., 619, XI p., [1] h. ; 8°
Tema general:Medicina - Diccionarios
Notas:Portada tipográfica. Título de la anteportada: Dictionnaire des termes de médecine, chirurgie, anatomie, véterinaire, pharmacie, histoire naturelle, physique, chimie etc. Texto a dos columnas con paginación en números arábigos. Propiedad intelectual: imprimerie de Ve Thuau, rue du Cloitre n. 4 St. -Benoit. Encuadernación en cartón con lomo en piel con cantos marmoleados. Sello en tinta del Archivo Municipal de Orizaba, Veracruz. Daños en la encuadernación
LEADER 01719nam a22001810004500
035 |a 1915 
041 0 |a fre 
100 1 |a Bégin, Louis-Jacques, 1793-1859 
245 1 0 |a Dictionnaire des termes de médecine, chirurgie, anatomie, art véterinaire, pharmacie, histoire naturelle, physique, chimie, etc. / par Bégin, Boisseau, Jourdan, Montgarny, Richard, docteurs en médecine; Sanson, docteur en chirurgie; et Dupuy, professeur à l'École Véterinaire d'Alfort; augmenté d'un supplement, dans lequel sont compris les nouveaux termes introduits dans le language des sciences médicales et accessoires jusqu'a nos jours 
260 |a Paris : J.- B. Baillière, libraire de L'Academie Royale de Médecine, et du Collége Royal des Chirurgiens ; Londres : rue de L'École-de-Médecine, N°. 13 bis ; Londres, Même Maison, 219, regent Street ; a Bruxelles : au Dépôt de la libraire médicale française, 1830.  
300 |a [2] h., 619, XI p., [1] h. ; 8°  
500 |a Portada tipográfica. Título de la anteportada: Dictionnaire des termes de médecine, chirurgie, anatomie, véterinaire, pharmacie, histoire naturelle, physique, chimie etc. Texto a dos columnas con paginación en números arábigos. Propiedad intelectual: imprimerie de Ve Thuau, rue du Cloitre n. 4 St. -Benoit. Encuadernación en cartón con lomo en piel con cantos marmoleados. Sello en tinta del Archivo Municipal de Orizaba, Veracruz. Daños en la encuadernación 
504 |a Al final de la obra están el supplément y el catálogo de publicaciones en venta del autor 
650 1 0 |a Medicina - Diccionarios 
949 |a 3694 
942 |c ORIZABA 
943 |g Fondo Bibliográfico Antiguo del Archivo Municipal de Orizaba 
999 |c 1103865  |d 1103865